Estudio sobre justicia concursal: primer informe

Sábháilte in:
Sonraí bibleagrafaíochta
Údar corparáideach: Superintendencias de Quiebras (Údar)
Formáid: LEABHAR
Teanga:Spáinnis
Foilsithe / Cruthaithe: Santiago Superintendencias de Quiebras 2008
Ábhair:
Clibeanna: Cuir clib leis
Níl clibeanna ann, Bí ar an gcéad duine le clib a chur leis an taifead seo!

MARC

LEADER 00000nam a2200000 a 4500
001 UCH3439
003 CL-VaPUC
008 090730e20080000CL |||||||||||||||||spa|d
082 0 4 |a 346.83078  |b SUP  |2 21 
110 2 |a Superintendencias de Quiebras  |e author  |9 538802 
245 1 0 |a Estudio sobre justicia concursal: primer informe 
300 |a pag. irreg 
942 |c BK 
945 |d 20090730 00:00:00  |a rbrito 
260 |a Santiago  |b Superintendencias de Quiebras  |c 2008 
650 0 |a Derecho concursal   |9 374010 
650 0 |a Derecho comercial   |9 256340 
650 7 |a QUIEBRAS  |2 CL-VaPUC  |9 329303 
650 0 |a Síndico de quiebra  |9 404573 
583 |a last modification  |c 20110930 02:55:33  |k Rodrigo Vera 
999 |c 335001  |d 334999 
952 |0 0  |1 0  |2 ddc  |4 0  |6 346_830780000000000_SUP_2008  |7 0  |8 A  |9 424461  |a BIBDER  |b BIBDER  |d 2019-11-22  |i 4580915  |o 346.83078 SUP 2008  |p 4580915  |r 2023-01-25  |w 2019-11-22  |y MX  |k DER